| 000 | 00959nam a22002653a 4500 | ||
|---|---|---|---|
| 005 | 20221125063738.0 | ||
| 008 | 010531m19932000mx r 000 0 spa d | ||
| 020 | _a9687681195 (v.1) | ||
| 020 | _a9687681152 (v.2) | ||
| 020 | _a9687681160 (v.3) | ||
| 020 | _a9687681780 (v.4) | ||
| 035 | _aUPN01000116606 | ||
| 049 | _aCG | ||
| 050 | 4 |
_aHF5651 _bE5.6 |
|
| 100 | 1 | _aElizondo López, Arturo | |
| 245 | 1 | 0 |
_aProceso contable : _bsistematización, valuación, procesamiento, evaluación, información / _cArturo Elizondo López. |
| 260 |
_aMéxico : _bECAFSA-Thomson Learning, _cc1993 (2000 impr.). |
||
| 300 | _av. | ||
| 440 | 0 | _aArea de contabilidad | |
| 590 | _a(También localizas un ejemplar en el "Area de Reserva") | ||
| 590 | _aBibliografía Básica (BGTQ) | ||
| 505 | 8 |
_aContenido: _gv.1-2. _tContabilidad fundamental _gv.3. _tContabilidad del activo y pasivo _gv.4. _tContabilidad del capital |
|
| 650 | 2 |
_aContabilidad _98728 |
|
| 905 | _aLibro | ||
| 999 |
_c89343 _d89343 |
||